000
00461nam a2200145Ia 4500
008
100204s9999 xx 000 0 und d
082
_b
3288
100
_a
गवाणकर गंगाराम
245
_a
वस्त्रहरण
260
_b
"ललित नाटय प्रकाशन , मुंबई"
_c
1979 6
300
_a
93
630
_a
वस्त्रहरण
730
_a
वस्त्रहरण
942
_c
BOOK
999
_c
448249
_d
448246